Handbook On Mushrooms (Record no. 298024)

MARC details
000 -LEADER
fixed length control field 00549nam a22001817a 4500
020 ## - INTERNATIONAL STANDARD BOOK NUMBER
International Standard Book Number 81-204-1399
082 ## - DEWEY DECIMAL CLASSIFICATION NUMBER
Classification number 589
100 ## - MAIN ENTRY--PERSONAL NAME
Personal name Nita Bahl
245 ## - TITLE STATEMENT
Title Handbook On Mushrooms
250 ## - EDITION STATEMENT
Edition statement 4
260 ## - PUBLICATION, DISTRIBUTION, ETC. (IMPRINT)
Place of publication, distribution, etc. New Delhi
Name of publisher, distributor, etc. Oxford & IBH
Date of publication, distribution, etc. 2002
300 ## - PHYSICAL DESCRIPTION
Extent 166
500 ## - GENERAL NOTE
General note Nematodes Mites Minerals Protein
520 ## - SUMMARY, ETC.
Summary, etc. This book provid the origin of the word Mushroom has been traced with an account on the history of Mushroom cultivation, uses and food value.
650 ## - SUBJECT ADDED ENTRY--TOPICAL TERM
Topical term or geographic name as entry element Nematodes, Mites ,Minerals
700 ## - ADDED ENTRY--PERSONAL NAME
Personal name Nita Bahl
942 ## - ADDED ENTRY ELEMENTS (KOHA)
Koha item type Books (General)
Holdings
Withdrawn status Lost status Damaged status Not for loan Home library Current library Date acquired Total Checkouts Full call number Barcode Date last seen Price effective from Koha item type
        College of Agriculture, Padannakkad College of Agriculture, Padannakkad 03/12/2014   589 BAH/HA KAU_COAP-02431 06/02/2024 03/12/2014 Books (General)
        College of Agriculture, Padannakkad College of Agriculture, Padannakkad 25/03/2015   589 BAH/HA KAU_COAP-03421 06/02/2024 25/03/2015 Books (General)
        College of Agriculture, Padannakkad College of Agriculture, Padannakkad 02/02/2016   589 BAH/HA KAU_COAP-03423 06/02/2024 11/06/2018 Books (General)
Kerala Agricultural University Central Library
Thrissur-(Dt.), Kerala Pin:- 680656, India
Ph : (+91)(487) 2372219
E-mail: librarian@kau.in
Website: http://library.kau.in/